| 000 | 00749nam a22002657a 4500 | ||
|---|---|---|---|
| 001 | 000009193 | ||
| 005 | 20200929161520.0 | ||
| 008 | 941021s1999 pn 000 f spa | ||
| 010 | _a 94221843 | ||
| 020 | _a9962806283 | ||
| 035 | _a(DLC) 94221843 | ||
| 040 |
_aDO-SdBNP _bspa _cLC _dBNPHU |
||
| 082 |
_aP863.44 _bO77m, 1999 |
||
| 100 | 1 |
_aOrtíz, Carlos Alberto. _923871 |
|
| 245 | 1 | 3 |
_aLa mansión de los espejos / _cCarlos Alberto Ortíz. |
| 250 | _a2a ed. | ||
| 260 |
_aPanamá : _bGéminis, _cc1999. |
||
| 300 |
_avii, 289 p. ; _c20 cm. |
||
| 490 | 1 | _aGéminis | |
| 650 | 4 |
_aNovela panameña _921757 |
|
| 650 | 4 |
_aLiteratura panameña _94261 |
|
| 830 | 0 |
_aGéminis _923872 |
|
| 910 | _aCatalogación por copia / LC | ||
| 049 | _aBNGR | ||
| 999 |
_c8956 _d8956 |
||